Video Game Anagrams - Statistics

General Stats
  • This quiz has been taken 48 times
  • The average score is 3 of 15
Answer Stats
Hint Answer % Correct
Crassnesses Aid Assassin's Creed
74%
Tan Him Hitman
52%
Faulty Cold Call of Duty
43%
Rat Lop Portal
41%
Dwarf Goo God of War
26%
Member Mere Remember Me
26%
Flatbed Tile Battlefield
15%
Staff Nail Any Final Fantasy
11%
Arched Nut Uncharted
11%
Slab Rend Rod Borderlands
7%
Tasteful Ohs The Last Of Us
7%
A Dagger On Dragon Age
2%
Arming Tours Gran Turismo
2%
Gable Trundle Brutal Legend
0%
Poetry Pot Prototype
0%
No matching quizzes found
Score Distribution
Percent of People with Each Score
Percentile by Number Answered
Your Score History
You have not taken this quiz